=LDR 00000nam 2200000 4500 =001 INLIS000000000011242 =005 20130612102827 =008 ***********************************Ind** =035 ##$$0010-061300000011242 =041 ##$$a Ind =082 ##$$a 342.065 98 =090 ##$$a 342.065 98, Mat k =100 ##$$a Maschab, mashri =245 ##$$a Kekuasaan eksekutif di Indonesia, Drs. mashari machal =260 ##$$a 1983 $b Jakarta =300 ##$$a X-190 hlm, 21 cm =850 ##$$a NBPNMAT =990 ##$$a 0001/BPAP-NTB/2016